00488nam a22001817a 450000500170000001000150001702000260003203500140005803700130007208200110008510000170009624500450011325000100015826000410016827000730020930000210028270000030030320241011143850.0 aENG-142108 c999.00a9789358194326 aEN-125640 bDBAD/PUB a152.42 aVinod Sharma aBrainy Wood Brain Science/cVinod Sharma aFirst aNew DelhibBluerose publishersc2023 bNew Delhik8882 898 898 k4407342408967minfo@bluerosepublishers.com a570 p.c24cm(pb)